Non resident Indian's guide on taxation and investment (Record no. 36029)

MARC details
000 -LEADER
fixed length control field 00302nam a2200109Ia 4500
082 ## - DEWEY DECIMAL CLASSIFICATION NUMBER
Classification number 336.216.4
Item number CHA
100 ## - MAIN ENTRY--AUTHOR NAME
Personal name CHACKO, B J
245 #0 - TITLE STATEMENT
Title Non resident Indian's guide on taxation and investment
260 ## - PUBLICATION, DISTRIBUTION, ETC. (IMPRINT)
Place of publication Cochin
Name of publisher Santony rupind
Year of publication 1979
942 ## - ADDED ENTRY ELEMENTS (KOHA)
Koha item type Books
Holdings
Withdrawn status Lost status Damaged status Not for loan Home library Current library Date acquired Full call number Accession Number Koha item type
        RRII Library RRII Library 16/12/2021 336.216.4 CHA 16446 Books